000 00460nam a2200169Ia 4500
008 230718s9999 xx 000 0 und d
020 _a9788183715638
041 _aeng
082 _a620.106
_bGAR
100 _aGarde R.J.
245 _aEngineering Fluid Mechanics
260 _c2014
_bScitech Publications
300 _a577
365 _cRs.
_b540.00
700 _aGarde R.J. & Mirajgaoker A.G.
906 _dO:0551028-Apr-2017B:519222-Apr-2017
_cMECH
_b405
999 _c344557
_d344557